[Event "FRA-ch op-C"]
[Site "Nancy"]
[Date "2013.08.12"]
[Round "1"]
[White "Citterio, Jean Claude"]
[Black "Arimiea, Marcel"]
[Result "1-0"]
[WhiteElo "1776"]
[BlackElo "1633"]
[PlyCount "107"]
[EventDate "2013.08.11"]
[EventType "swiss"]
[EventRounds "11"]
[EventCountry "FRA"]
[SourceTitle "CBM 156 Extra"]
[Source "ChessBase"]
[SourceDate "2013.10.22"]
[SourceVersion "1"]
[SourceVersionDate "2013.10.22"]
[SourceQuality "1"]

1. e4 e6 2. d4 d6 3. Nc3 c6 4. f4 Nd7 5. Nf3 Be7 6. Bd3 d5 7. Qe2 Bb4 8. Bd2 Bxc3 9. bxc3 dxe4 10. Bxe4 Ngf6 11. Bd3 0-0 12. 0-0 c5 13. Ne5 cxd4 14. cxd4 Nb6 15. c3 Nbd5 16. g4 g6 17. Rf3 Nd7 18. Rh3 Nxe5 19. fxe5 f5 20. exf6 Qxf6 21. g5 Qg7 22. Qe4 Bd7 23. Rb1 b6 24. c4 Ne7 25. Bf4 Qf7 26. Rf1 Bc6 27. Qe5 Rad8 28. Re3 Nf5 29. Bxf5 exf5 30. d5 Rfe8 31. Qc3 Rxe3 32. Qxe3 Rxd5 33. cxd5 Qxd5 34. Qg3 Qh1+ 35. Kf2 Qd5 36. Qb3 Kf8 37. Qxd5 Bxd5 38. a3 Ke7 39. Rc1 a5 40. Bc7 Ke6 41. Bxb6 a4 42. Ke3 Bb3 43. Kf4 Kd6 44. h4 Kd5 45. Ba5 Bc4 46. Bb4 Kd4 47. Rd1+ Bd3 48. Rd2 Kc4 49. Ke5 Bb1 50. Rd7 Be4 51. Rxh7 Kd3 52. Kf4 Bc6 53. Rg7 Be8 54. Re7 1-0

[Event "FRA-ch op-C"]
[Site "Caen"]
[Date "2011.08.16"]
[Round "1"]
[White "Chevret, Patrick"]
[Black "Citterio, Jean Claude"]
[Result "0-1"]
[WhiteElo "1630"]
[BlackElo "1788"]
[PlyCount "58"]
[EventDate "2011.08.16"]
[EventType "swiss"]
[EventRounds "11"]
[EventCountry "FRA"]
[SourceTitle "EXT 2012"]
[Source "ChessBase"]
[SourceDate "2011.11.24"]
[SourceVersion "1"]
[SourceVersionDate "2011.11.24"]
[SourceQuality "1"]

1. e4 e5 2. Nf3 Nc6 3. Bc4 Bc5 4. Nc3 d6 5. h3 Be6 6. Bb3 Qd7 7. d3 Nf6 8. Be3 Nd4 9. Na4 Nxf3+ 10. Qxf3 Bxe3 11. Qxe3 0-0 12. 0-0-0 Bxb3 13. axb3 b5 14. Nc3 a5 15. Rhe1 a4 16. bxa4 bxa4 17. d4 exd4 18. Rxd4 Rfb8 19. e5 Ne8 20. e6 fxe6 21. Qxe6+ Qxe6 22. Rxe6 a3 23. bxa3 Rxa3 24. Kd2 Kf7 25. Rde4 Nf6 26. Re7+ Kf8 27. Re3 Rxc3 28. Rxc3 Kxe7 29. Rxc7+ Nd7 0-1

[Event "FRA-ch op-C"]
[Site "Pau"]
[Date "2008.08.17"]
[Round "6"]
[White "Citterio, Jean Claude"]
[Black "Gouait, Raymond"]
[Result "1-0"]
[WhiteElo "1776"]
[BlackElo "1666"]
[PlyCount "115"]
[EventDate "2008.08.11"]
[EventType "swiss"]
[EventRounds "9"]
[EventCountry "FRA"]
[SourceTitle "CBM 126 Extra"]
[Source "ChessBase"]
[SourceDate "2008.11.05"]
[SourceVersion "1"]
[SourceVersionDate "2008.11.05"]
[SourceQuality "1"]

1. e4 e5 2. Nf3 Nc6 3. Bc4 Nf6 4. d4 d6 5. dxe5 Nxe5 6. Nxe5 dxe5 7. Bxf7+ Ke7 8. Qxd8+ Kxd8 9. f3 Bc5 10. Nc3 a6 11. Bg5 Ke7 12. Bb3 Be6 13. Nd5+ Bxd5 14. Bxd5 c6 15. Bb3 Rad8 16. Ke2 h6 17. Be3 Bxe3 18. Kxe3 Rd6 19. Rad1 Rhd8 20. c3 g5 21. Rxd6 Rxd6 22. Rd1 b6 23. Rxd6 Kxd6 24. Bf7 Nd7 25. g3 Ke7 26. Bg6 Kf6 27. Be8 Nb8 28. f4 Ke7 29. Bh5 Nd7 30. b4 a5 31. Bg4 Nf6 32. Bd1 axb4 33. cxb4 Kd6 34. a4 Nd7 35. fxg5 hxg5 36. h4 gxh4 37. gxh4 Nf6 38. h5 c5 39. bxc5+ Kxc5 40. h6 Kb4 41. Kf3 Kc5 42. Ke3 Kb4 43. Kd3 Kc5 44. Bh5 Nh7 45. Bg6 Nf8 46. Bf5 Kb4 47. h7 Nxh7 48. Bxh7 Kxa4 49. Kc4 b5+ 50. Kc5 b4 51. Bg8 b3 52. Bxb3+ Kxb3 53. Kd5 Kb4 54. Kxe5 Kc5 55. Ke6 Kc6 56. e5 Kc7 57. Ke7 Kc8 58. e6 1-0